Feeding the few : corporate control of food /

Bibliographic Details
Main Author: George, Susan
Corporate Author: Institute for Policy Studies
Format: Book
Language:English
Published: [Washington] : Institute for Policy Studies, [1978?]
Subjects:

MARC

Tag First Indicator Second Indicator Subfields
LEADER 00000cam a2200000 a 4500
001 in00000070994
005 20151008062013.0
008 790516s1978 dcua b 00010 engm
010 |a  79105576  
020 |a 0897580109 :  |c $3.95 
035 |a (OCoLC)05021210 
035 |9 AAJ9313AM 
040 |a DLC  |c DLC  |d m.c.  |d TXA  |d UtOrBLW 
049 |a TXAM  |c [932685] 
050 0 0 |a HD9000.6  |b .G45 
082 0 |a 338.1/9 
100 1 |a George, Susan. 
245 1 0 |a Feeding the few :  |b corporate control of food /  |c Susan George. 
264 1 |a [Washington] :  |b Institute for Policy Studies,  |c [1978?] 
300 |a 79 pages :  |b illustrations ;  |c 22 cm. 
336 |a text  |b txt  |2 rdacontent 
337 |a unmediated  |b n  |2 rdamedia 
338 |a volume  |b nc  |2 rdacarrier 
504 |a Includes bibliographical references. 
650 0 |a Food supply. 
650 0 |a Food supply  |z Developing countries. 
650 0 |a International economic relations. 
710 2 |a Institute for Policy Studies. 
999 |a MARS 
999 f f |s 75995133-0c3a-3c3e-a8c5-6b6aef4356fd  |i 697e5d9e-98fc-338b-a474-8435a1fa4a02  |t 0 
952 f f |p ric  |a Texas A&M University  |b Rellis Campus  |c Joint Library Facility  |d Remote Storage  |t 0  |e HD9000.6 .G45  |h Library of Congress classification  |i unmediated -- volume  |m A14806130208 
998 f f |a HD9000.6 .G45  |t 0  |l Remote Storage